• 首页
  • 本馆介绍
  • 公告通知
  • 最新文献
  • 馆藏检索
  • 电子资源
  • 读者导购
  • 参考咨询
  • 我的图书馆
  • 登录
  • 详细信息显示
  • 放入我的书架
  • 预约/预借图书
  • 作者相关作品
  • 分类相关作品
  • 丛书相关作品
  • 出版社相关作品

书目信息

  • 表格格式
  • 工作单格式
  • 卡片格式
题名:
中国国家标准目录 中国行业标准目录 中国地方标准目录 国际重点标准目录
    
 
作者: ;北京科普新星图书有限责任公司 编
分册: 第二卷  
出版信息: 北京   学苑音像出版社  2004
页数: 417-828页
开本: 29cm
丛书名:
单 册:
中图分类: T-65
科图分类:
主题词: 标准--中国--目录
电子资源:
ISBN: 7-88050-183-5
000 00927nam0 2200217 450
001 1560839402
005 20150119165442.14
010    @a7-88050-183-5@dCNY245.00
100    @a20130219d2004 ekmy0chiy0120 ea
101 0  @achi
102    @aCN@b110000
105    @ay lb 000yy
200 1  @a中国国家标准目录 中国行业标准目录 中国地方标准目录 国际重点标准目录@9Zhong Guo Guo Jia Biao Zhun Mu Lu Zhong Guo Hang Ye Biao Zhun Mu Lu Zhong Guo Di Fang Biao Zhun Mu Lu Guo Ji Zhong Dian Biao Zhun Mu Lu@h第二卷@f北京科普新星图书有限责任公司编
210    @a北京@c学苑音像出版社@d2004
215    @a417-828页@d29cm@e光盘1片
327 0  @a中国国家标准目录卷;@a中国行业标准目录卷;@a中国地方标准目录卷;@a国际重点标准目录。
606 0  @a标准@y中国@j目录
690    @aT-65@v5
711 02 @a北京科普新星图书有限责任公司@9Bei Jing Ke Pu Xin Xing Tu Shu You Xian Ze Ren Gong Si@4编
801  0 @aCN@bTSSF@c20150119
905    @aZUCC@dT-65@eJY1:2
    
    中国国家标准目录 中国行业标准目录 中国地方标准目录 国际重点标准目录.第二卷/北京科普新星图书有限责任公司编.-北京:学苑音像出版社,2004
    417-828页;29cm+光盘1片
    
    部分内容:中国国家标准目录卷;;中国行业标准目录卷;;中国地方标准目录卷;;国际重点标准目录。
    ISBN 7-88050-183-5:CNY245.00
    
●
相关链接 在E读中查询图书 在五车中查询图书 在当当中查询图书 在豆瓣中查询图书


正题名:中国国家标准目录 中国行业标准目录 中国地方标准目录 国际重点标准目录     索取号:T-65/JY1:2         预约/预借

序号 登录号 条形码 馆藏地/架位号 状态 备注
1 7849313   278493131   学院路分馆/ [索取号:T-65/JY1:2] 在馆    
唐山师范学院图书馆 欢迎您!
大连网信软件有限公司© 版权所有